Регионална библиотека "Любен Каравелов" - Русе

Маркетинг - продукт, реклама (Запис номер 164267)

MARC детайли
000 -Лидер
Контролно поле с фиксирана дължина 01249nam a2200313 c 4500
003 - Код на организацията, давaща контролен номер
Контролно поле BLK
005 - Дата и час на последна редакция
Контролно поле 20180422113956.0
008 - Елементи от данни с фиксирана дължина
fixed length control field 180410b bul|||||r ||||||| ||bul||
010 ## - Наследен системен номер
LC control number KNG00171777000
020 ## - Международен стандартен номер на книга ISBN
Международен стандартен номер на книга ISBN 954-8067-01-3
-- издат.: Princeps
040 ## - Източник на каталожния запис
Идентификатор на билиотеката - собственик на записа BLK
041 ## - Код за език
Код за езика на текст/звукозапис или на отделно заглавие Български
Код за езика КДБФ Български
080 ## - УДК
Текстов определител УДК Пазар. Анализ на пазара. Търсене. Предлагане. Конкуренция. Маркетингова логистика
УДК код - определител по УДК 339.13
УДК определител (035)
УДК - код + определител 339.13(035)
100 1# - Редна дума - Автор
Автор Маринова, Елена
Авторска отговорност първи автор
R(LIN) 364569
139 ## - Редно поле
Редна дума Маринова, Елена
Авторски знак Мари - М 31
245 10 - Сведения за заглавието
Заглавие Маркетинг - продукт, реклама
Подзаглавни данни Ръководство
Редно поле (дума) Елена Маринова.
257 ## - Страна на издаване
Страна на създаване/издаване България
260 ## - Област на издателските данни
-- Варна
Име на издателя, разпространителя и проч. Princeps
Година на издаване 1992
300 ## - Физическа характеристика
Страници 306 с.
Илюстрации и др. с ил.
Размери/Мащаб 23 см
380 ## - Жанр
Жанр Обществени науки
490 1# - СЕРИИ (Колекции)
Име на серия Библиотека Princeps
650 #4 - Допълнително описание по предмет – тема
Основно описание – тема или топоним Маркетинг - наръчници и ръководства
9 (RLIN) 242925
653 ## - Ключова дума – ненормативна
Ключова дума маркетинг
852 ## - Местоположение
Форматна сигнатура Цб 167617
856 4# - Електронен адрес и достъп
Електронен формат pdf - файл
Път до файла /url/
856 4# - Електронен адрес и достъп
Електронен формат pdf - файл
Път до файла /url/
942 ## - АРТИКУЛИ
Вид на библиотечния материал Книги
Скрит в OPAC Не
944 ## - СЪЗДАВАНЕ И РЕДАКЦИЯ на ЗАПИСА
Създаване/Редакция Създаване
Дата на регистрацията/редакция 21.02.2015
Статус, дата на статуса 21.02.2015 - от С1,Р / 21.02.2015
Служител, извършил регистрацията/редакцията Любка_Николова
944 ## - СЪЗДАВАНЕ И РЕДАКЦИЯ на ЗАПИСА
Създаване/Редакция Редакция
Дата на регистрацията/редакция 21.02.2015
Статус, дата на статуса 21.02.2015 - от С1,Р / 21.02.2015
Служител, извършил регистрацията/редакцията
999 ## - СИСТЕМНИ КОНТРОЛНИ НОМЕРА
Koha biblionumber 164267
Koha biblioitemnumber 164267
Наличности
Код за отписване Код за изгубен артикул Източник на класификационната схема Код за повреда Коз за рестрикции Код за отдаване Артикулен № Име на библиотеката - собственик Име на библиотеката, в която се намира в момента Статус (Текущо местоположение) Дата на вписване в системата Местоположение - отдел Цена в лева Инвентарен номер Систематично азбучна сигнатура Баркод Номер на екземпляра Цена в евро Служебна бележка Служебен тип на артикула
  Не е изгубен Universal Decimal Classification Не е повреден без рестрикции ползва се в читалня 276008 Регионална библиотека "Любен Каравелов" Русе Регионална библиотека "Любен Каравелов" Русе Хранилище 1992-01-01 Хранилище 49.95 566793 Цб 167617 120000566793 1 25.54 N: стар фонд Дата: 01.01.1992 Книги
  Не е изгубен Universal Decimal Classification Не е повреден без рестрикции заемане за дома 276009 Регионална библиотека "Любен Каравелов" Русе Регионална библиотека "Любен Каравелов" Русе Заемна - подръчен фонд 1992-01-01 Заемна - подръчен фонд 49.95 564559 П 339/М 31 120000564559 2 25.54 N: стар фонд Дата: 01.01.1992 Дата инв: 05.02.2018 Бележки инв: П2018 Книги
Изтеглен Не е изгубен Universal Decimal Classification Не е повреден без рестрикции заемане за дома 276010 Регионална библиотека "Любен Каравелов" Русе Регионална библиотека "Любен Каравелов" Русе Заемна - подръчен фонд 1992-01-01 Заемна - подръчен фонд 49.95 564560 П 339/М 31 564560 3 25.54 N: стар фонд Дата: 01.01.1992 Дата инв: 27.02.2018 Бележки инв: П2018 Книги
Изтеглен Не е изгубен Universal Decimal Classification Не е повреден без рестрикции заемане за дома 276011 Регионална библиотека "Любен Каравелов" Русе Регионална библиотека "Любен Каравелов" Русе Заемна - подръчен фонд 1992-01-01 Заемна - подръчен фонд 49.95 564927 П 339/М 31 564927 4 25.54 N: стар фонд Дата: 01.01.1992 Дата инв: 05.02.2018 Бележки инв: П2018 Книги
Изтеглен Не е изгубен Universal Decimal Classification Не е повреден без рестрикции заемане за дома 276012 Регионална библиотека "Любен Каравелов" Русе Регионална библиотека "Любен Каравелов" Русе Заемна - подръчен фонд 1992-01-01 Заемна - подръчен фонд 49.95 564930 П 339/М 31 564930 5 25.54 N: стар фонд Дата: 01.01.1992 Дата инв: 05.02.2018 Бележки инв: П2018 Книги
Vip Innovations Ltd, Rousse, Bulgaria 2025